Pokémon by Picture - Sudden Death - Statistics

General Stats
  • This quiz has been taken 1,805 times
  • The average score is 11 of 15
Answers on the Grid
Answers color-coded by a green-red scale on the quiz's grid according to % correct below.
 
Answer Stats
Answer % Correct
86%
84%
81%
79%
78%
77%
76%
75%
70%
70%
69%
67%
66%
64%
63%
No matching quizzes found
Score Distribution
Percent of People with Each Score
Percentile by Number Answered
Your Score History
You have not taken this quiz